000 01542nam a22002537a 4500
999 _c57242
_d57242
003 Ge_BSU
005 20200127145231.0
008 200127s2008 ||||| |||| 00| 0 geo d
020 _a9789994025824
041 _ageo
080 _a343.13 ა-13
100 _aაბაშიძე, ირაკლი.
_93740
245 _aპროკურორი წინასწარი გამოძიების სტადიაზე /
_cირაკლი აბაშიძე ; მთავ. რედ. ო. სიხარულიძე ; ნომრის რედ. ო. ფარტენაძე.
264 _aბათუმი :
_bბათუმი შოთა რუსთაველის სახელმწიფო უნ-ტი,
_c2008.
300 _a64 გვ. ;
_c20 სმ.
440 _aსაგანმანათლებლო სერია სამართალმცოდნეობის სპეციალობის სტუდენტის ბიბლიოთეკა N 2
_96405
504 _aბიბლიოგრ. ტექსტ. შენიშვნ. და გვ. 61-63.
653 _aწინასწარი გამოძიება.
653 _aპროკურორი.
653 _aსამართალი
700 _aსიხარულიძე, ო
_eმთავარი რედაქტორი
_96406
700 _aფარტენაძე, ო
_eნომრის რედაქტორი
_96407
942 _2udc
_cBK